000 00431nam a22001697a 4500
005 20240109135247.0
008 190603b xxu||||| |||| 00| 0 eng d
020 _aNI301
041 _aeng
100 _aGAUD, DR. R. S.. GUPTA DR. G.D AND GOKHALE S.B
_98296
245 _aPRACTICAL BIOTECHNOLOGY
250 _a9th Ed. 2019
260 _aPUNE
_bNIRALI PRAKASHAN
300 _aI.1p,
650 _aPHARMACY
_xB.PHARMA
942 _cBK
999 _c5920
_d5918